[Event "IND-ch 51st"]
[Site "Jalgaon"]
[Date "2013.12.27"]
[Round "10"]
[White "Sasikiran, Krishnan"]
[Black "Lalith, Babu MR"]
[Result "1-0"]
[WhiteElo "2666"]
[BlackElo "2569"]
[Annotator "Sasikiran,K"]
[PlyCount "61"]
[EventDate "2013.12.17"]
[EventType "tourn"]
[EventRounds "13"]
[EventCountry "IND"]
[EventCategory "10"]
[SourceTitle "CBM 158"]
[Source "ChessBase"]
[SourceDate "2014.01.16"]
[SourceVersion "1"]
[SourceVersionDate "2014.01.16"]
[SourceQuality "1"]

{The previous day I had lost to Adhiban missing a powerful tactical motif Nd6.
After the 9th round MR Lalith Babu was a half point ahead of me and was
playing extremely confidently. I knew this was my last chance to snatch the
lead from him and was keen to make the most of the white pieces.} 1. d4 Nf6 2.
c4 e6 3. Nf3 Bb4+ 4. Nbd2 O-O 5. a3 Be7 6. e4 d6 7. Be2 {A rather fresh line
which became popular in 2013 after the Gelfand-Radjabov game in the London
Candidates event.} Nbd7 8. O-O e5 9. Qc2 Re8 10. b3 $5 {Most of the previous
games in this line went with b4 gaining space on the queenside and preventing .
..Nc5. However after an eventual ...a5 Black managed to exchange rooks and
created counterplay on the queenside and centre. I thought that White having
more space should avoid any exchange of pieces and devised the following plan;
bishop to b2, rooks on the central files and relocation of Be2 to g2, & Nd2 to
c3. In the mean time White has to watch out for threats on e4 and a central
breakthrough by Black with d5.} Bf8 11. Re1 g6 12. Bb2 Bg7 $6 (12... exd4 $142
{is the correct move order.}) 13. Rad1 $2 {Played too fast. I was simply
following my plan. However with the bishop on g7 it no longer controls c5
which gave White the opportunity to gain space.} (13. dxe5 $1 Nxe5 (13... dxe5
14. c5 $16 {followed by b4 and Nc4. The pressure on the e5-pawn will be very
difficult to release and consequently it will be difficult for Black to
develop the queenside.}) 14. Nxe5 dxe5 15. c5 $1 $14) 13... exd4 14. Nxd4 Nc5
15. Bf1 Bd7 16. g3 h5 $5 (16... a5 {allows} 17. Nb5 $5 {and White is ready for
the central breakthroughs with b4-c5 or e4-e5}) (16... a6 17. Bg2 Rb8 18. Nb1
$5 Nfxe4 (18... b5 $6 19. cxb5 axb5 20. e5 $1 $36) 19. Bxe4 Nxe4 20. Rxe4 Rxe4
21. Qxe4 c5 22. Nc3 $1 cxd4 (22... Bxd4 23. Rxd4 cxd4 24. Nd5 $18) 23. Nd5 Qg5
24. Bxd4 Re8 25. Qd3 Qh5 26. Bxg7 Kxg7 27. Qd4+ Qe5 28. Ne3 {with a small but
stable edge for White.}) 17. Bg2 h4 18. N4f3 ({After} 18. Nb1 Nfxe4 {was
already possible. The following line although not forced gives some typical
ideas possible for both sides.} 19. Bxe4 Nxe4 20. Rxe4 Rxe4 21. Qxe4 c5 22. Nc3
cxd4 23. Nd5 Qe8 $1 24. Qf3 Bf5 $1 25. Nc7 Qc8 26. Nxa8 Bg4 27. Qd3 Bxd1 28.
Qxd1 h3 $1 29. Bxd4 Bxd4 30. Qxd4 Qxa8 31. Qxd6 b6 32. Qd5 Qf8 33. b4 Qe7 34.
Kf1 Qf6 {with counterplay.}) 18... hxg3 (18... h3 $5 19. Bf1 Nfxe4 20. Nxe4
Rxe4 21. Rxe4 Bxb2 22. Re3 Bxa3 {I calculated until here and thought it would
be an interesting position to play for both sides. Black has two pawns for the
exchange to be followed by ...Bb4 & ...a5 stabilising. White is an exchange
ahead and has a small possibility to attack the black king because the dark
coloured bishop is out on the queenside.} (22... Bg7 23. Nd4 $5 $14) {The
following computer lines are interesting and display the various tactical
motifs available in the position.} 23. Qa2 Bb4 24. Rd4 $1 a5 (24... Ne6 25. Rh4
Qf6 26. Bxh3 Bc5 27. Bxe6 fxe6 (27... Bxe6 28. Rxe6 $1 fxe6 29. Rf4 Qg7 30. b4
$3 e5 31. Rg4 Rf8 32. Qb1 $3 Rxf3 33. Rxg6 Bd4 34. Kg2 Rxf2+ 35. Kh3 $16) 28.
Rd3 a5 (28... e5 29. b4 $1 Bxb4 30. Nxe5 $1 Qxe5 31. Re3 Qa5 32. Qb1 $5 Bf5 33.
Qb2 Bc3 34. Rxc3 {wins}) 29. Qe2 $1 $16) 25. Bxh3 $1 f5 $1 (25... Bxh3 26. Rh4
Qf6 (26... Be6 27. Qb2 f6 28. Ng5 {wins}) (26... Bd7 27. Qb2 f6 28. Ng5 Bd2 (
28... Qf8 29. Nh7 $18) 29. Rh6 $3 $18) 27. Rxh3 $14) 26. Bg2 Qf6 27. Rd1 Ne6 $1
{with complex play ahead.}) 19. hxg3 Ng4 $5 {This exchange of bishops allows
White to break through in the centre.} ({It was more logical to wait with} 
19... a5 {In the case of an eventual b4 by White, the black rook on a8 will be
activated after the exchange on b4.}) 20. Bxg7 Kxg7 21. b4 Ne6 (21... Ba4 $1 {
I guess both players noticed this shot during the game but discarded it as
Black has to give two pieces for the rook. However, the white minor pieces
lack targets and winning some pawns may open files for the black rooks.} 22.
Qc3+ Qf6 23. Qxf6+ Nxf6 24. bxc5 Bxd1 25. Rxd1 dxc5 26. e5 Ng4 27. Ne4 Nxe5 (
27... b6 28. Nc3 Rad8 29. Re1 f6 30. exf6+ Nxf6 31. Ne5 $14) 28. Nxc5 (28. Nxe5
Rxe5 29. f4 Re7 30. Nxc5 Rae8 $1 31. Bxb7 Re2 {with counterplay}) 28... Nxc4
29. Nxb7 Rab8 30. Nd4 Nxa3 31. Ra1 Nc4 $13) 22. c5 $5 {Both pawn breaks (c5 or
e5) looked attractive and it was not easy to decide during the game. With the
black coloured bishops off the board I thought keeping the e-pawn would allow
me to exploit the dark squares near the black king after an eventual e5.} (22.
e5 Nxe5 (22... dxe5 $5 23. Nb3 Qe7 24. Nxe5 Nxe5 25. Rxe5 Qf6 26. Re3 Nf8 27.
Bxb7 Rxe3 28. fxe3 Re8 29. Qf2 Qc3 30. Nc5 Bg4 31. Rd3 Qc1+ 32. Qf1 Qb2 $132)
23. Ne4 $5 (23. Nxe5 Nd4 24. Qb2 dxe5 25. Nf3 Ba4 26. Rd2 Qf6 27. Nxe5 Rxe5 28.
Rxe5 Qxe5 29. Qxd4 Qxd4 30. Rxd4 a5 $5 31. b5 c6 $11) 23... Nxf3+ (23... f5 24.
Nxe5 dxe5 25. Nc5 Nxc5 26. bxc5 e4 27. Bxe4 $1 fxe4 28. Rxe4 Re7 29. Qd3 Rf7
30. Rf4 $1 Rxf4 31. gxf4 Qe7 32. Qxd7 Re8 33. Kg2 $5 $14) 24. Bxf3 Bc6 25. Qb2+
f6 26. c5 Rb8 $5 27. cxd6 Bxe4 28. dxc7 Qxc7 29. Bxe4 Ng5 30. Bg2 Rxe1+ 31.
Rxe1 Rd8 {and Black should be able to defend.}) 22... dxc5 23. Bh3 $5 (23. Nb3
cxb4 24. axb4 Qe7 25. Qc3+ Kg8 26. Bh3 Nf6 27. e5 Nh7 {I stopped here and
thought Black must able to repulse the attack and keep an healthy extra pawn.}
{The computer comes up with} 28. Bxe6 $5 {Psychologically it is more difficult
for humans to give away the bishop (especially with so many weak white squares
around the king)} Bxe6 29. Nc5 Rad8 (29... Bg4 30. Rd4 Bxf3 31. Rd7 Qf8 32. e6
$1 $16) (29... Bc8 30. e6 $1 Bxe6 31. Nxe6 fxe6 32. Ne5 {with full
compensation for the two pawn deficit.}) 30. Rxd8 Rxd8 31. Nxb7 Rb8 32. Nc5 Bd5
33. Nd4 Ng5 34. f3 {and White has managed to cover the white squares.}) 23...
Ng5 24. Nxg5 Qxg5 25. Nf3 Qe7 26. Qc3+ Kg8 27. bxc5 $5 {After a series of
forced moves White invites Black to sacrifice on f2 allowing the white rooks
to mobilise quickly against the black king.} (27. Kg2 $5 Be6 $1 (27... Ne5 28.
Bxd7 Nxd7 29. e5 $1 $36) 28. Rh1 cxb4 29. axb4 Qf6 30. Qxf6 Nxf6 31. e5 Bxh3+
32. Kxh3 Ne4 33. Kg2 Rad8 34. Rc1 Rd7 {and White's piece activity should fetch
him a draw at best.}) 27... Rad8 $6 {A time trouble decision.} (27... Nxf2 $1 {
Both players saw this. Whereas I was optimistic about 28.Kxf2, Lalith Babu
could not find anything concrete for White. The truth is in the middle. After .
..Nxf2 the game would have ended in a draw.} 28. Kxf2 (28. Bxd7 Nxd1 29. Rxd1
Rad8 $1 30. Kg2 (30. Ba4 Rxd1+ 31. Bxd1 Qxe4 32. Kf2 c6 $17) 30... Rxd7 31. Rh1
f6 32. Ng5 Rd2+ 33. Qxd2 fxg5 34. Qd5+ Kg7 $15) 28... Bxh3 29. g4 $1 (29. Rh1
Qxe4 30. Rd2 Qe6 $1 {dispels any illusions. Black wins} ({I was only
calculating} 30... Qf5 31. Rd4 $1 {after which the attack crashes through.}))
29... Bxg4 30. Rh1 f6 31. Rdg1 Qxe4 32. Rxg4 Qxg4 33. Qxf6 Re2+ $1 34. Kxe2
Qg2+ 35. Kd3 Qxh1 36. Qxg6+ $11) 28. Kg2 $1 {Defending the bishop and
preparing Rh1 if need be.} Qf6 $4 $138 (28... Bc8 $1 {was required} 29. Rxd8
Qxd8 30. a4 b6 31. a5 (31. c6 Qd6 $5 $13) 31... Qe7 $5 {Although White has a
small initiative, there is everything to play for.}) (28... Ne5 29. Rxd7 $1
Nxd7 30. Bxd7 Rxd7 31. Rh1 f6 32. Ng5 Rf8 33. Rh7 Qxh7 34. Qb3+ $1 Rdf7 35.
Nxh7 Kxh7 36. Qxb7 $16) 29. e5 $1 {Now the pin along h3-c8 will cost Black
heavy material losses.} Qf5 (29... Nxe5 30. Rxe5 $1 Rxe5 31. Bxd7 Rf5 32. Qe3
Kf8 33. Rd3 $1 $16) 30. Rxd7 Rxd7 31. Qb4 (31. Qb4 a5 32. Qa4 $5 {wins.}) 1-0

[Event "Gibraltar Masters 13th"]
[Site "Caleta"]
[Date "2015.02.02"]
[Round "7"]
[White "Wagner, Dennis"]
[Black "Bachmann, Axel"]
[Result "0-1"]
[WhiteElo "2501"]
[BlackElo "2629"]
[Annotator "Schulz,Andre"]
[PlyCount "76"]
[EventDate "2015.01.27"]
[EventType "swiss"]
[EventRounds "10"]
[EventCountry "GGB"]
[SourceTitle "CBM 165"]
[Source "ChessBase"]
[SourceDate "2015.03.11"]
[SourceVersion "1"]
[SourceVersionDate "2015.03.11"]
[SourceQuality "1"]

1. d4 Nf6 2. c4 e6 3. Nf3 Bb4+ 4. Nbd2 b6 5. a3 Bxd2+ 6. Nxd2 $5 ({Üblicher
ist} 6. Qxd2) 6... Bb7 7. Qc2 Nc6 (7... c5 8. dxc5 bxc5 9. e3 O-O 10. b4 d6 11.
Bb2 Nbd7 12. Bd3 Ne5 13. O-O Nxd3 14. Qxd3 Rc8 15. Rfd1 d5 16. b5 Qe7 17. cxd5
exd5 18. Rac1 Qe6 19. Qc3 Rfe8 20. h3 a6 21. a4 axb5 22. axb5 Qb6 23. Ba3 d4
24. exd4 cxd4 25. Qd3 Nd5 26. Rxc8 Rxc8 27. Nc4 Qxb5 28. Nd6 Qxd3 29. Rxd3 Nf4
30. Nxc8 Nxd3 31. Ne7+ Kh8 32. Nf5 Nf4 33. Nxd4 Nxg2 34. Bd6 h5 35. Kf1 Kh7 {
0-1 (35) Holt,C (2555)-Akobian,V (2632) Dallas 2014}) 8. e3 Ne7 9. e4 d6 10. g3
({Oder} 10. Bd3 {, z.B.:} e5 11. Nf3 Nd7 12. Be3 exd4 13. Bxd4 Nc6 14. Bxg7 Rg8
15. Bc3 Rxg2 16. O-O-O Qe7 17. e5 dxe5 18. Bf5 O-O-O 19. Bxh7 Qc5 20. Bf5 Rxf2
21. Qd3 Nd4 22. Nxd4 Bxh1 23. Nb5 Rxf5 24. Qxf5 Qe3+ 25. Bd2 Qf3 26. Rf1 Qxf5
27. Rxf5 Nc5 28. Rxf7 Nb3+ 29. Kc2 Nxd2 30. b3 Be4+ 31. Kb2 Rd3 32. Nc3 Bc6 33.
Kc2 Rd4 34. h4 Nf3 35. h5 Rd2+ 36. Kc1 Rh2 37. Rf6 Nd4 38. h6 Kb7 39. Kd1 e4 {
0-1 (39) Holt,C (2549)-Priyadharshan,K (2457) South Padre Island 2014}) 10...
e5 11. d5 a5 12. Bg2 ({Eine übliche Reaktion auf den Vormarsch den a-Bauern
ist} 12. b3) 12... a4 13. O-O Nd7 14. b4 (14. f4 $5) 14... axb3 15. Nxb3 O-O
16. Bb2 c6 17. f4 cxd5 18. cxd5 Ba6 19. Rfc1 Rc8 20. Qf2 (20. Qd2 Bc4 21. Qb4
Bxb3 22. Qxb3 Nc5 23. Qe3 $11) 20... Bc4 (20... f5 $5) 21. Nd2 b5 22. Nxc4 bxc4
23. Bh3 (23. fxe5 $5 Nxe5 24. Bxe5 dxe5 25. Qe3 $14) 23... exf4 24. gxf4 f5 25.
Qd4 Nf6 26. a4 (26. Rxc4 Rxc4 27. Qxc4 Nxe4 28. Qd4 Rf6 $11) 26... Qe8 27. Ra3
{Eine dynamische Position mit Chancen für beide Seiten.} Rb8 28. Rxc4 (28. a5
Qb5 29. Bc3 fxe4 30. Bd2 Nexd5 31. Qxc4 Kf7 $5 $11 ({Nicht etwa} 31... Kh8 $2
32. Qxb5 Rxb5 33. a6 Rbb8 34. Be6 $18)) 28... fxe4 29. Be6+ Kh8 30. a5 {
Weiß unterschätzt das kommende Gegenspiel, das unter anderem auf der
Schwäche des Punktes f3 beruht.} Ng6 31. Bc1 Nh4 32. Kh1 Nf3 {Plötzlich ist
Weiß in der Defensive und verliert die Kontrolle.} 33. Qf2 (33. Qd1 $5 Qb5 34.
Rc2) 33... Qb5 34. Raa4 $2 {Die beiden Türme auf der 4. Reihe stehen sehr
unglücklich.} ({Besser war} 34. Rc2 Nxd5 (34... Ra8 35. Rb2 Qc4 (35... Qa6 36.
Qe2 $16) 36. Rc2 $11) 35. a6 Nb4 (35... Nxf4 $2 36. Bxf4 Rxf4 37. Rb3 $18) 36.
a7 Nxc2 37. axb8=Q Rxb8 38. Rb3 Nb4 39. Bb2 d5 40. f5 d4 41. Bxd4 Nxd4 42. Qxd4
Qf1+ 43. Qg1 Qf4 44. Qg3 Qf1+ 45. Qg1 $11) 34... Qa6 $2 ({Verpasst} 34... Nxd5
$1 {mit der Drohung Se5} 35. a6 Nb6 36. Rab4 Qa5 37. Rxe4 Ng5 $17) 35. Bb2 {
Nun geht es wieder für Weiß.} Rb3 36. Qc2 $2 (36. Rc1 $11 Qb5 (36... e3 37.
Qxf3 Rxb2 38. Qxe3 Qb5 39. Rac4 Qxa5 $11) 37. Ra2 e3 38. Qxf3 Rxb2 39. Rxb2
Qxb2 40. Qxe3 Qa2 41. Qe1 $14) 36... Qb5 $19 37. Bxf6 Rb1+ 38. Kg2 Ne1+ 0-1

[Event "Vrnjacka Banja"]
[Site "Vrnjacka Banja"]
[Date "1991.??.??"]
[Round "2"]
[White "Tosic, Miroslav"]
[Black "Drasko, Milan"]
[Result "0-1"]
[WhiteElo "2455"]
[BlackElo "2500"]
[Annotator "Schussler,H"]
[PlyCount "44"]
[EventDate "1991.04.??"]
[EventType "tourn"]
[EventRounds "15"]
[EventCountry "YUG"]
[EventCategory "9"]
[SourceTitle "CBM 023"]
[Source "ChessBase"]
[SourceDate "1991.08.01"]
[SourceVersion "1"]
[SourceVersionDate "1991.08.01"]
[SourceQuality "1"]

1. d4 Nf6 2. c4 e6 3. Nf3 Bb4+ 4. Nbd2 b6 5. a3 Bxd2+ 6. Nxd2 Bb7 7. b4 O-O 8.
Bb2 a5 9. b5 d6 10. e3 Nbd7 11. Nf3 Ne4 12. Bd3 f5 13. Qc2 Rc8 14. d5 exd5 15.
Nd4 Ne5 16. cxd5 Bxd5 17. Nxf5 {At least this guy isn`t afraid.} Nxd3+ 18. Qxd3
Rxf5 19. g4 Nc5 20. Qxf5 Be4 21. Qh5 Bxh1 22. O-O-O Bf3 0-1

[Event "Groningen"]
[Site "Groningen"]
[Date "1991.??.??"]
[Round "8"]
[White "Piket, Jeroen"]
[Black "Christiansen, Larry Mark"]
[Result "1-0"]
[WhiteElo "2590"]
[BlackElo "2600"]
[Annotator "Schussler,H"]
[PlyCount "101"]
[EventDate "1991.12.??"]
[EventType "tourn"]
[EventRounds "9"]
[EventCountry "NED"]
[EventCategory "13"]
[SourceTitle "CBM 027"]
[Source "ChessBase"]
[SourceDate "1992.04.01"]
[SourceVersion "1"]
[SourceVersionDate "1992.04.01"]
[SourceQuality "1"]

1. d4 e6 2. c4 Nf6 3. Nf3 Bb4+ 4. Bd2 a5 5. g3 d6 6. Bg2 Nbd7 7. O-O e5 8. Qc2
$1 (8. e3 c6 9. Bxb4 axb4 10. Qb3 Qa5 11. Nbd2 O-O 12. Rfd1 Nb6 13. c5 e4 14.
Ng5 dxc5 15. dxc5 Qxc5 16. Ngxe4 $10 {Brenninkmeijer,J-Christiansen,L (CBM 27
game 348)}) 8... O-O 9. Nc3 Re8 (9... c6 10. Bg5 Bxc3 11. bxc3 h6 12. Bc1 Re8
13. Rb1 e4 14. Nd2 Qe7 15. e3 Nf8 16. c5 $1 $14 {Vladimirov-Kosten, Palma de
Mallorca, GMA-open 1989.}) 10. e4 c6 $5 {New.} (10... exd4 11. Nxd4 Ne5 12. b3
c6 13. Kh1 Qb6 14. Nce2 a4 15. Rab1 Bxd2 16. Qxd2 $14 {Polgar,Zsu-Christiansen,
L, Munich 1991.}) 11. Rad1 Nf8 (11... Qe7 12. Rfe1 Nf8 $13) (11... exd4 12.
Nxd4 Ne5 13. b3 $14) 12. dxe5 dxe5 13. Be3 Qe7 14. Na4 $1 $14 b5 15. cxb5 cxb5
16. Nb6 Rb8 17. a3 Bd6 18. Qc6 Bc7 (18... Rd8 19. Nxc8 Rbxc8 20. Qxb5 Rb8 21.
Qxa5 Rxb2 22. Bc1 $16) 19. Nxc8 Rexc8 20. Bh3 Ne6 (20... Rd8 21. Bc5 $18) 21.
Rc1 Ne8 22. Rfd1 Rd8 23. Rxd8 Rxd8 (23... Nxd8 24. Qd7 $1 Kf8 25. Bc5 Bd6 26.
Qxe7+ $18) 24. Qxb5 Nd4 25. Nxd4 exd4 26. Bg5 f6 27. Bd2 Nd6 (27... Qxe4 28.
Re1 $18) 28. Qc6 Ne8 (28... Nxe4 29. Be6+ $18) 29. b4 axb4 30. Bxb4 Bd6 31.
Qd5+ Kf8 32. Qxd4 $18 Bxb4 33. Qxb4 Ra8 34. Qxe7+ Kxe7 35. Rc3 Nd6 36. Bf1 g5
37. f3 h5 38. Kf2 Ra4 39. Bd3 g4 40. f4 h4 (40... Nxe4+ 41. Bxe4 Rxe4 42. Re3
$18) (40... Rxe4 41. Rc7+ Kd8 42. Bxe4 Kxc7 43. Bg6 $18) 41. Ke3 Ra5 42. Rc7+
Kd8 43. Rc6 Kd7 44. Ra6 Rc5 45. Kd4 hxg3 46. hxg3 Rh5 47. a4 Rh3 48. e5 fxe5+
49. fxe5 Nc8 50. Rg6 Rxg3 51. Bf5+ 1-0

[Event "URS-sf Moscow-ch"]
[Site "Moscow"]
[Date "1989.??.??"]
[Round "?"]
[White "Bareev, Evgeny"]
[Black "Kiselev, Sergey"]
[Result "1-0"]
[WhiteElo "2580"]
[BlackElo "2445"]
[Annotator "Schussler,H"]
[PlyCount "79"]
[EventDate "1989.11.??"]
[EventType "tourn"]
[EventRounds "7"]
[EventCountry "URS"]
[EventCategory "10"]
[SourceTitle "CBM 016"]
[Source "ChessBase"]
[SourceDate "1990.06.01"]
[SourceVersion "1"]
[SourceVersionDate "1990.06.01"]
[SourceQuality "1"]

1. d4 Nf6 2. Nf3 e6 3. c4 Bb4+ 4. Nbd2 O-O 5. a3 Bxd2+ 6. Bxd2 Ne4 7. g3 d6 8.
Bg2 Nd7 9. O-O Qe7 10. Be3 Nef6 $5 $14 {Black tries to improve on
Nikolic-Gostisa, but only succeds partly. White still has the bishop-pair in a
position with dynamic possibilities.} (10... f5 11. Nd2 Ndf6 12. Nxe4 Nxe4 13.
Qc2 d5 $2 14. Bf4 $16 {Predrag Nikolic-Gostisa, Vidmar-mem 1989}) 11. Rc1 e5
12. dxe5 dxe5 13. c5 c6 14. Qd6 Qxd6 15. cxd6 Nd5 16. Nd2 Nxe3 17. fxe3 Rd8 18.
Rfd1 Nf6 19. Nb3 Rb8 20. Na5 Kf8 21. Rc5 Nd7 22. Rc4 Nb6 23. Rb4 Bd7 24. Nb3
Nd5 25. Bxd5 cxd5 26. Rxd5 Be6 27. Rxe5 Bxb3 28. Rxb3 Rxd6 29. Ra5 a6 30. e4
Ke7 31. Kf2 Re6 32. Kf3 Rc6 33. Kf4 Rf6+ 34. Rf5 Rc6 35. Re5+ Kf8 36. Rd5 Ke7
37. h4 b6 38. e3 Rb7 39. Rbd3 Rc2 40. Re5+ 1-0

[Event "RSFSR-ch"]
[Site "Kuibyshev"]
[Date "1990.??.??"]
[Round "?"]
[White "Meister, Jakob"]
[Black "Makarov, Marat"]
[Result "1/2-1/2"]
[WhiteElo "2415"]
[BlackElo "2480"]
[Annotator "Schussler,H"]
[PlyCount "80"]
[EventDate "1990.??.??"]
[EventType "tourn"]
[EventRounds "15"]
[EventCountry "URS"]
[EventCategory "6"]
[SourceTitle "CBM 021"]
[Source "ChessBase"]
[SourceDate "1991.04.01"]
[SourceVersion "1"]
[SourceVersionDate "1991.04.01"]
[SourceQuality "1"]

1. d4 Nf6 2. c4 e6 3. Nf3 Bb4+ 4. Nbd2 O-O 5. a3 Be7 6. e4 d6 $6 {More logical
is 6. - d5 not 'giving up the center'.} 7. Bd3 $14 Nbd7 8. O-O e5 9. b4 exd4
10. Nxd4 Ne5 11. Bb1 c5 12. Ne2 Be6 13. bxc5 Nxc4 14. Nf4 Bg4 15. Qc2 Ne5 16.
h3 Bd7 17. Nd5 Nxd5 18. exd5 Ng6 19. cxd6 Bxd6 20. Qb3 Be5 21. Ra2 b6 22. Nf3
Bf6 23. Rd1 Rc8 24. Rc2 Rxc2 25. Qxc2 Qc8 26. Qd3 Qc3 27. Qxc3 Bxc3 28. Ng5 h6
29. Ne4 Be5 30. Bc2 Rc8 31. Bb3 Nf4 32. Bd2 Ne2+ 33. Kh1 Nd4 34. Ba2 Nb5 35. a4
Nd6 36. Nxd6 Bxd6 37. Bb3 Kf8 38. Kg1 Bf5 39. Rc1 Rxc1+ 40. Bxc1 Ke7 1/2-1/2

[Event "Hoogovens-B"]
[Site "Wijk aan Zee"]
[Date "1991.01.??"]
[Round "9"]
[White "Tukmakov, Vladimir B"]
[Black "Winants, Luc"]
[Result "1-0"]
[WhiteElo "2520"]
[BlackElo "2505"]
[Annotator "Schussler,H"]
[PlyCount "97"]
[EventDate "1991.01.??"]
[EventType "tourn"]
[EventRounds "11"]
[EventCountry "NED"]
[EventCategory "9"]
[SourceTitle "CBM 022"]
[Source "ChessBase"]
[SourceDate "1991.06.01"]
[SourceVersion "1"]
[SourceVersionDate "1991.06.01"]
[SourceQuality "1"]

1. d4 Nf6 2. c4 e6 3. g3 Bb4+ 4. Bd2 Qe7 5. Nf3 Nc6 6. Nc3 d5 7. Bg2 O-O 8. a3
Bxc3 9. Bxc3 Ne4 10. Rc1 Rd8 11. O-O a5 12. e3 a4 13. Ne1 $1 $14 Bd7 14. Nd3 f5
15. Be1 Be8 16. Qc2 h6 17. Bb4 Nxb4 18. Nxb4 c6 19. Nd3 Bg6 20. Ne5 Bh7 21. f4
Nf6 22. Nd3 Nd7 23. Rfe1 Bg6 24. Bf3 Kh8 25. Qe2 Rg8 26. Rc3 Bf7 27. Rec1 g5
28. Kh1 Nf6 29. Ne5 h5 30. fxg5 Rxg5 31. b4 axb3 32. Rxb3 Be8 33. Rcb1 Ra7 34.
Qb2 Rg7 35. c5 Ng4 36. Bxg4 hxg4 37. Kg1 Rh7 38. Ra1 Qc7 39. Rb6 Qd8 40. a4 Qg5
41. Ra3 Kg7 42. a5 Kf8 43. Qf2 Qh5 44. Ra2 Ra8 45. Kf1 Ra7 46. Ke1 Ra8 47. Qf4
$16 Rxa5 $2 $18 48. Rxa5 Qxh2 49. Nxg4 {(2.38/2.36)} 1-0

[Event "Cannes team g/60"]
[Site "Cannes"]
[Date "1992.??.??"]
[Round "2"]
[White "Piket, Jeroen"]
[Black "Adams, Michael"]
[Result "0-1"]
[WhiteElo "2615"]
[BlackElo "2590"]
[Annotator "Schussler,H"]
[PlyCount "80"]
[EventDate "1992.02.??"]
[EventType "team"]
[EventRounds "6"]
[EventCountry "FRA"]
[SourceTitle "CBM 028"]
[Source "ChessBase"]
[SourceDate "1992.06.01"]
[SourceVersion "1"]
[SourceVersionDate "1992.06.01"]
[SourceQuality "1"]

1. Nf3 Nf6 2. c4 e6 3. d4 Bb4+ 4. Bd2 Qe7 5. g3 Nc6 6. Nc3 (6. Bg2 Bxd2+ 7.
Qxd2 $6 Ne4 8. Qc2 Qb4+ 9. Nbd2 $2 Nxd2 10. Qxd2 Qxc4 11. O-O Qb4 12. Qd3 d5
$17 {Piket,J-Adams,M, Roquebrune 1992 CBM 28 game 739.}) 6... Bxc3 7. Bxc3 Ne4
8. Rc1 d6 9. Bg2 (9. d5 Nxc3 10. Rxc3 Ne5 11. Nd4 $13 {Sosonko,G-Benjamin,J,
Cannes 1992 CBM 28 game 403.}) 9... Nxc3 (9... O-O 10. d5 Nxc3 11. Rxc3 Nb8 12.
Nd4 {Kouatly,B-Seirawan,Y, Cannes 1992 CBM 28 game 389.}) 10. Rxc3 e5 11. d5
Nb8 12. O-O O-O 13. Nd2 a5 14. e4 Na6 15. f4 exf4 $1 {If Black allows f4-f5,
White is slightly better.} 16. gxf4 f5 $10 17. Qc1 $6 fxe4 18. Nxe4 Bf5 19. Re3
{19.Ng3!} Bxe4 20. Bxe4 Qf6 $15 21. Qb1 g6 22. Rg3 Kh8 23. Kh1 Rae8 24. Rh3 Kg7
25. Rg1 {25.f5!?} Nc5 26. Bc2 Rg8 27. b3 Re2 $17 28. a3 Rf2 29. b4 axb4 30.
axb4 Nd7 31. Bf5 Nf8 32. Qe4 Kh8 33. Bc8 Rxf4 34. Qe2 b6 $19 35. Re3 Rf2 36.
Qg4 g5 37. Re8 Ng6 38. Rxg8+ Kxg8 39. Be6+ Kg7 40. c5 Qe5 0-1

[Event "Vienna op"]
[Site "Vienna"]
[Date "1990.??.??"]
[Round "5"]
[White "Spraggett, Kevin"]
[Black "Sjoberg, Mats"]
[Result "1-0"]
[WhiteElo "2540"]
[BlackElo "2365"]
[Annotator "Schussler,H"]
[PlyCount "59"]
[EventDate "1990.10.??"]
[EventType "swiss"]
[EventRounds "9"]
[EventCountry "AUT"]
[SourceTitle "CBM 021"]
[Source "ChessBase"]
[SourceDate "1991.04.01"]
[SourceVersion "1"]
[SourceVersionDate "1991.04.01"]
[SourceQuality "1"]

1. d4 Nf6 2. c4 e6 3. Nf3 Bb4+ 4. Nbd2 O-O 5. a3 Bxd2+ 6. Bxd2 Ne4 7. Be3 $5
$14 b5 $2 8. cxb5 $16 Bb7 9. Bd2 c6 10. bxc6 Nxc6 11. e3 Na5 12. b4 Nxd2 13.
Nxd2 Nc6 14. Be2 Qg5 15. Bf3 f5 16. Nb3 d6 17. Rc1 Rac8 18. g3 Qe7 19. O-O a6
20. Bg2 g5 21. Qh5 g4 22. h3 gxh3 23. Qxh3 Nd8 24. Na5 Rxc1 25. Rxc1 Bxg2 26.
Qxg2 d5 27. Qf3 Nb7 28. Rc6 Nxa5 29. bxa5 Ra8 30. Qf4 1-0